000
00324nam a2200133Ia 4500
008
150201s2003 xx 000 0 und d
082
_a
616.07
_b
H03S
100
_a
SINGH,DR
245
_a
HISTOLOGY MICROBILOGY AND PHOTOMICROBIOLOGY
250
_a
1ST
260
_b
CBS
_a
DELHI
_c
2003
650
_a
MICROBIOLOGY
942
_2
ddc
_c
BK
999
_c
981
_d
981